| 000 | 00629nam a22001697a 4500 | ||
|---|---|---|---|
| 999 |
_c15052 _d15052 |
||
| 003 | OSt | ||
| 082 | _2631.56 AMB/TE | ||
| 088 | _aP 135 | ||
| 100 |
_aAMBILI V. KUMAR _aJUBY JOSE _aSOUMYA K. S _92447 |
||
| 245 | _aTechnology development for the preparation of quick - cooking fried rice and instant rice noodles | ||
| 260 |
_aTavanur 2003 _bKelappaji College of Agricultural Engineering and Technology |
||
| 300 | _a35 | ||
| 500 | _aTechnology development for the preparation of quick - cooking fried rice and instant rice noodles | ||
| 520 | _ainstant food basmati rice | ||
| 700 |
_aDr. Ganesan V (Guide) _92448 |
||
| 942 | _cPR | ||